Selector de llamadas en línea compartida
Bewaard in:
| Hoofdauteur: | |
|---|---|
| Andere auteurs: | |
| Formaat: | Boek |
| Gepubliceerd in: |
San José, Costa Rica
1992
|
| Onderwerpen: | |
| Tags: |
Voeg label toe
Geen labels, Wees de eerste die dit record labelt!
|
MARC
| LEADER | 00000nam a2200000Ia 4500 | ||
|---|---|---|---|
| 003 | 005484 | ||
| 005 | 20221231144322.0 | ||
| 008 | 140114s1992 c a m 000 ||s d | ||
| 040 | |c cru CEDI | ||
| 090 | |a TFG 2618 | ||
| 100 | |a García Chavarría, Francisco Gerardo |9 12387 | ||
| 245 | |a Selector de llamadas en línea compartida | ||
| 260 | |c 1992 |a San José, Costa Rica | ||
| 300 | |a viii, 117 hojas : 12 ilustraciones, diagramas (algunos plegables) ; 28 cm | ||
| 500 | |a Proyecto de graduacion (bachillerato en ingenieria electrica)--Universidad de Costa Rica. Facultad de Ingenieria. Escuela de Ingenieria Electrica | ||
| 650 | |x CONMUTACION (TELECOMUNICACIONES) |x TELECOMUNICACIONES -- SISTEMAS DE CONMUTACION |x TELEFONOS - SISTEMAS DE COMUNICACION |9 12389 | ||
| 700 | |9 12388 |a Giraldo Alvarez, Luis Ignacio | ||
| 942 | |c TFG | ||
| 999 | |c 20077 |d 20077 | ||
